No discouragement : an autobiography
Αποθηκεύτηκε σε:
| Κύριος συγγραφέας: | |
|---|---|
| Μορφή: | Βιβλίο |
| Γλώσσα: | English |
| Δημοσίευση: |
Basingstoke :
Macmillan,
1996
|
| Θέματα: | |
| Ετικέτες: |
Προσθήκη ετικέτας
Δεν υπάρχουν, Καταχωρήστε ετικέτα πρώτοι!
|
MARC
| LEADER | 00000cam a2200000 i 4500 | ||
|---|---|---|---|
| 001 | 1/26200 | ||
| 008 | 981214s1996 eng d | ||
| 020 | |a 0333677102 | ||
| 035 | |l 10037523 | ||
| 040 | |a GR-MY-UA |b gre |e aacr | ||
| 041 | 0 | |a eng | |
| 082 | 0 | |a 301.092 | |
| 100 | 1 | |a Halsey, A. H. | |
| 245 | 1 | 0 | |a No discouragement : |b an autobiography / |c A. H. Halsey ; foreword by Roy Hattersley |
| 260 | |a Basingstoke : |b Macmillan, |c 1996 | ||
| 300 | |a xiii, 263 p.; |b ill.; |c 22 cm. | ||
| 500 | |a Includes index | ||
| 600 | 1 | 0 | |a Halsey A. H. |
| 650 | 0 | 0 | |a College teachers |z England |z Oxford |x Biography. |
| 650 | 0 | 0 | |a Sociologists |z England |x Biography. |
| 852 | |a INST |b LESVOS |e 19981214 |h 301.092 HAL |p 005100024034 |q 005100024034 |t BK |y 0 | ||
| 901 | |a BIBL1-2000-2 | ||
| 909 | |a Λ |b 060849 | ||
| 922 | |a 1ΕΛΗ |b 199811 |c ΚΠΣ/ΤΚ |d ΠΑΠΑΣΩΤΗΡΙΟΥ | ||
| 950 | |a 103-1998-07-27 | ||
| 970 | |z 2000/04/ΜΙΧΑΗΛΙΔΟΥ ΑΝΝΑ | ||